[Event "Novgorod"]
[Site "?"]
[Date "1995.??.??"]
[Round "?"]
[White "Kramnik, Vladimir"]
[Black "Ivanchuk, Vassily"]
[Result "1/2-1/2"]
[WhiteElo "2715"]
[BlackElo "2700"]
[PlyCount "21"]
[EventDate "1995.??.??"]
[Source "www.chesslib.no"]
[SourceDate "2004.05.04"]

1. Nf3 Nf6 2. c4 c6 3. Nc3 d5 4. d4 e6 5. Bg5 Nbd7 6. e3 Qa5 7. cxd5 Nxd5 8. Qd2 Bb4 9. Rc1 h6 10. Bh4 c5 11. a3 1/2-1/2

[Event "WchT 3rd"]
[Site "Luzern"]
[Date "1993.??.??"]
[Round "5"]
[White "Kramnik, Vladimir"]
[Black "Ivanchuk, Vassily"]
[Result "1/2-1/2"]
[WhiteElo "2710"]
[BlackElo "2705"]
[PlyCount "38"]
[EventDate "1993.10.??"]
[Source "ChessBase"]

1. Nf3 d5 2. d4 Nf6 3. c4 e6 4. Nc3 Nbd7 5. Bg5 c6 6. e3 Qa5 7. Nd2 Bb4 8. Qc2 O-O 9. Be2 c5 10. O-O cxd4 11. exd4 dxc4 12. Bh4 Nb6 13. Nxc4 Nxc4 14. Bxc4 Bd7 15. Bxf6 gxf6 16. d5 Bxc3 17. dxe6 Bxe6 18. Bxe6 fxe6 19. bxc3 Rac8 1/2-1/2

[Event "Politiken Cup"]
[Site "Helsingor DAN"]
[Date "2008.07.26"]
[Round "9"]
[White "Eljanov, P."]
[Black "Malakhov, V."]
[Result "1/2-1/2"]
[WhiteElo "2716"]
[BlackElo "2689"]
[PlyCount "61"]
[EventDate "2008.07.19"]
[Source "www.chesslib.no"]
[SourceDate "2004.05.04"]

1. d4 d5 2. c4 c6 3. Nf3 Nf6 4. Nc3 e6 5. Bg5 Nbd7 6. e3 Qa5 7. cxd5 Nxd5 8. Qd2 Bb4 9. Rc1 h6 10. Bh4 c5 11. a3 Bxc3 12. bxc3 b6 13. c4 Qxd2+ 14. Nxd2 Ne7 15. f3 Nf5 16. Bf2 Ba6 17. Bd3 Rc8 18. g4 Nd6 19. Bg3 Ke7 20. Kf2 Rhd8 21. Rhd1 Nb8 22. Be2 Nb7 23. Nb3 cxd4 24. Nxd4 Nc6 25. Nb5 Rxd1 26. Rxd1 Rd8 27. Rxd8 Kxd8 28. Nd6 Ke7 29. Nxb7 Bxb7 30. Ke1 f6 31. Kd2 1/2-1/2

[Event "Poikovsky RUS"]
[Site "?"]
[Date "2006.03.22"]
[Round "5"]
[White "Bareev Evgeny"]
[Black "Sokolov Ivan"]
[Result "1/2-1/2"]
[WhiteElo "2698"]
[BlackElo "2689"]
[PlyCount "67"]
[EventDate "2006.??.??"]
[Source "www.chesslib.no"]
[SourceDate "2004.05.04"]

1. d4 d5 2. c4 c6 3. Nf3 Nf6 4. Nc3 e6 5. Bg5 Nbd7 6. e3 Qa5 7. cxd5 Nxd5 8. Qd2 Bb4 9. Rc1 O-O 10. Bd3 e5 11. a3 Bxc3 12. bxc3 h6 13. Bh4 Re8 14. c4 Qxd2+ 15. Nxd2 Ne7 16. O-O exd4 17. exd4 Nf8 18. Rfe1 Bf5 19. Bf1 Neg6 20. Rxe8 Rxe8 21. Bg3 Rd8 22. Nb3 Ne6 23. Nc5 Nxc5 24. dxc5 Rd2 25. f3 Nf8 26. Bb8 a5 27. g4 Bg6 28. f4 f5 29. Rb1 Rd7 30. gxf5 Bxf5 31. Rb2 Rd1 32. Kf2 Ne6 33. Bd6 Rb1 34. Rxb1 1/2-1/2

[Event "RUS"]
[Site "?"]
[Date "2006.04.28"]
[Round "9"]
[White "Najer Evgeniy"]
[Black "Bareev Evgeny"]
[Result "1-0"]
[WhiteElo "2653"]
[BlackElo "2701"]
[PlyCount "59"]
[EventDate "2006.??.??"]
[Source "www.chesslib.no"]
[SourceDate "2004.05.04"]

1. d4 d5 2. c4 c6 3. Nc3 Nf6 4. Nf3 e6 5. Bg5 Nbd7 6. e3 Qa5 7. Qc2 Bb4 8. Nd2 O-O 9. Be2 c5 10. Bf4 cxd4 11. exd4 dxc4 12. Nxc4 Qd5 13. O-O Qxd4 14. Bg3 Bxc3 15. bxc3 Qe4 16. Qb2 Qc6 17. Nd6 Ne4 18. Nxe4 Qxe4 19. Rad1 Qf5 20. Bd6 Re8 21. c4 e5 22. c5 b6 23. c6 Nf6 24. Rfe1 e4 25. Qd4 Be6 26. Ba6 Qd5 27. Bb7 Rad8 28. Qb2 Qa5 29. Bb4 Rxd1 30. Bxa5 1-0

[Event "Linares"]
[Site "?"]
[Date "1993.??.??"]
[Round "?"]
[White "Kramnik, Vladimir"]
[Black "Kamsky, G."]
[Result "1-0"]
[WhiteElo "2685"]
[BlackElo "2655"]
[PlyCount "101"]
[EventDate "1993.??.??"]
[Source "ChessBase"]
[SourceDate "1993.02.01"]

1. d4 d5 2. Nf3 Nf6 3. c4 c6 4. Nc3 e6 5. Bg5 Nbd7 6. e3 Qa5 7. Nd2 Bb4 8. Qc2 e5 9. Nb3 Qc7 10. Be2 dxc4 11. Bxc4 O-O 12. O-O Bd6 13. h3 Re8 14. Rad1 exd4 15. Nxd4 Be5 16. f4 Bxd4 17. Rxd4 Rxe3 18. Rfd1 Nf8 19. f5 Qe5 20. Bxe3 Qxe3+ 21. Qf2 Qxf2+ 22. Kxf2 Bxf5 23. Rd8 Rxd8 24. Rxd8 b5 25. Be2 a5 26. Bf3 Bd7 27. Ra8 g5 28. Ra6 Ne6 29. Bxc6 Bxc6 30. Rxc6 b4 31. Ne2 a4 32. Rc4 Nd5 33. g3 Kf8 34. Nd4 Nec7 35. Nc6 b3 36. axb3 axb3 37. Nb4 Ke7 38. Nxd5+ Nxd5 39. Rd4 Ke6 40. Rd3 h5 41. Rxb3 f5 42. Rb8 f4 43. Rh8 fxg3+ 44. Kxg3 Nf6 45. b4 Kd5 46. Rh6 Ne4+ 47. Kg2 h4 48. Kf3 Nd2+ 49. Kg4 Ne4 50. b5 Nf2+ 51. Kf5 1-0

[Event "PCA Kr-St"]
[Site "Moscow PCA Kr-St"]
[Date "1994.??.??"]
[Round "?"]
[White "Azmaiparashvili, Zurab A"]
[Black "Ivanchuk, Vassily"]
[Result "1/2-1/2"]
[WhiteElo "2625"]
[BlackElo "2710"]
[PlyCount "96"]
[EventDate "1994.??.??"]
[Source "www.chesslib.no"]
[SourceDate "2004.05.04"]

1. d4 d5 2. c4 e6 3. Nc3 c6 4. Nf3 Nf6 5. Bg5 Nbd7 6. e3 Qa5 7. Nd2 Bb4 8. Qc2 O-O 9. Be2 c5 10. Nb3 Bxc3+ 11. bxc3 Qa4 12. cxd5 c4 13. Qb2 Nxd5 14. Nd2 h6 15. Bh4 b5 16. a3 N7b6 17. Rc1 Qa5 18. Nb1 Bd7 19. O-O f5 20. Bg3 f4 21. exf4 Nxf4 22. Qd2 Nbd5 23. Bf3 Nd3 24. Be4 Qd8 25. h4 Bc6 26. Rce1 Nxe1 27. Rxe1 Qd7 28. Bc2 Ne7 29. Be5 Nf5 30. Bxf5 Rxf5 31. Qe2 Raf8 32. f3 a5 33. Nd2 Kh7 34. Ne4 Bxe4 35. fxe4 Rxe5 36. dxe5 Qc7 37. Qe3 Qxe5 38. Rd1 Qf4 39. Qxf4 Rxf4 40. Rb1 Rxh4 41. Rxb5 Rxe4 42. Rxa5 Re1+ 43. Kf2 Rc1 44. Rc5 Rxc3 45. a4 Rc2+ 46. Kf3 c3 47. a5 Ra2 48. Rxc3 Rxa5 1/2-1/2

[Event "PCA/Intel-GP"]
[Site "Moscow"]
[Date "1994.??.??"]
[Round "1"]
[White "Azmaiparashvili, Zurab"]
[Black "Ivanchuk, Vassily"]
[Result "1/2-1/2"]
[WhiteElo "2625"]
[BlackElo "2710"]
[PlyCount "85"]
[EventDate "1994.04.??"]
[Source "ChessBase"]

1. d4 d5 2. c4 e6 3. Nc3 c6 4. Nf3 Nf6 5. Bg5 Nbd7 6. e3 Qa5 7. Nd2 Bb4 8. Qc2 O-O 9. Be2 c5 10. Nb3 Bxc3+ 11. bxc3 Qa4 12. cxd5 c4 13. Qb2 Nxd5 14. Nd2 h6 15. Bh4 b5 16. a3 N7b6 17. Rc1 Qa5 18. Nb1 Bd7 19. O-O f5 20. Bg3 f4 21. exf4 Nxf4 22. Qd2 Nbd5 23. Bf3 Nd3 24. Be4 Qd8 25. h4 Bc6 26. Rce1 Nxe1 27. Rxe1 Qd7 28. Bc2 Ne7 29. Be5 Nf5 30. Bxf5 Rxf5 31. Qe2 Raf8 32. f3 a5 33. Nd2 Kh7 34. Ne4 Bxe4 35. fxe4 Rxe5 36. dxe5 Qc7 37. Qe3 Qxe5 38. Qf4 Rxf4 39. Rb1 Rxe4 40. Rxb5 Re3 41. Kf2 Rf3+ 42. Kxf3 Qc5 43. Rxc5 1/2-1/2

[Event "Corsica Masters KO"]
[Site "Bastia"]
[Date "2003.11.01"]
[Round "1.2"]
[White "Sasikiran, Krishnan"]
[Black "Gurevich, Mikhail"]
[Result "1/2-1/2"]
[WhiteElo "2679"]
[BlackElo "2656"]
[PlyCount "139"]
[EventDate "2003.11.01"]
[Source "Roberto Alvarez"]
[SourceDate "2003.11.03"]

1. Nf3 d5 2. d4 Nf6 3. c4 c6 4. Nc3 e6 5. Bg5 Nbd7 6. e3 Qa5 7. Nd2 Bb4 8. Qc2 O-O 9. Be2 c5 10. Nb3 Qc7 11. O-O cxd4 12. Nb5 Qb8 13. N5xd4 dxc4 14. Bxc4 Bd6 15. f4 h6 16. Bh4 a6 17. Rac1 b5 18. Bd3 Bb7 19. Na5 Rc8 20. Qe2 Bc5 21. Nab3 Qd6 22. Rcd1 Bxd4 23. Nxd4 Qb6 24. Bb1 Be4 25. Bxe4 Nxe4 26. Qf3 Nec5 27. g4 Nf8 28. Bg3 Qb7 29. Qxb7 Nxb7 30. f5 exf5 31. Nxf5 Re8 32. Rc1 Ne6 33. Rc6 Na5 34. Rc3 Nc4 35. b3 Nd2 36. Rd1 Ne4 37. Rc6 Rad8 38. Rxd8 Rxd8 39. Nd6 Nxg3 40. hxg3 Ra8 41. Kf2 Kf8 42. Rb6 Ke7 43. Nf5+ Kd7 44. Rd6+ Kc7 45. Rd2 Rd8 46. Rc2+ Kb6 47. Ke2 f6 48. b4 a5 49. bxa5+ Kxa5 50. Rc6 Re8 51. Kd3 Kb4 52. Nd4 Nc5+ 53. Ke2 Ne4 54. Kf3 Ng5+ 55. Ke2 Ne4 56. Rb6 Ra8 57. Rxb5+ Kc4 58. Rb2 Rxa2 59. Rxa2 Nc3+ 60. Kf3 Nxa2 61. Nf5 g5 62. Nxh6 Kd5 63. Nf5 Nc3 64. Nd4 Ne4 65. Nb5 Nd2+ 66. Ke2 Ne4 67. Kf3 Nd2+ 68. Kg2 Ke4 69. Kf2 Kd3 70. Nd6 1/2-1/2

[Event "Tilburg  ,CBM"]
[Site "Tilburg"]
[Date "1994.??.??"]
[Round "4"]
[White "Azmayparashvili, Z."]
[Black "Ivanchuk, V."]
[Result "1-0"]
[WhiteElo "2625"]
[BlackElo "2695"]
[PlyCount "22"]
[EventDate "1994.??.??"]
[Source "www.chesslib.no"]
[SourceDate "2004.05.04"]

1. d4 d5 2. c4 e6 3. Nc3 c6 4. Nf3 Nf6 5. Bg5 Nbd7 6. e3 Qa5 7. Nd2 Bb4 8. Qc2 O-O 9. Be2 c5 10. O-O cxd4 11. Nb3 Qb6 1-0

[Event "Vilnius cf"]
[Site "Vilnius cf"]
[Date "1984.??.??"]
[Round "?"]
[White "Kasparov, Gary"]
[Black "Smyslov, Vassily V"]
[Result "1-0"]
[WhiteElo "2710"]
[BlackElo "2600"]
[PlyCount "85"]
[EventDate "1984.??.??"]
[Source "www.chesslib.no"]
[SourceDate "2004.05.04"]

1. d4 d5 2. Nf3 Nf6 3. c4 c6 4. Nc3 e6 5. Bg5 Nbd7 6. e3 Qa5 7. cxd5 Nxd5 8. Qd2 Bb4 9. Rc1 O-O 10. Bd3 e5 11. O-O exd4 12. exd4 f6 13. Bh4 Rd8 14. a3 Bxc3 15. bxc3 Nf8 16. Bg3 Be6 17. Rfe1 Bf7 18. c4 Qxd2 19. Nxd2 Nb6 20. Nb3 Na4 21. Bf1 Rd7 22. Na5 Ne6 23. d5 Nd4 24. dxc6 Nxc6 25. Nxc6 bxc6 26. c5 Re8 27. Rxe8+ Bxe8 28. Bd6 Bf7 29. Rb1 Bd5 30. Rb8+ Kf7 31. Rf8+ Ke6 32. g3 g6 33. Ba6 Rxd6 34. cxd6 Kxd6 35. Rxf6+ Ke5 36. Rf8 c5 37. Re8+ Kd4 38. Rd8 Ke5 39. f4+ Ke4 40. Bf1 Bb3 41. Kf2 Nb2 42. Rb8 c4 43. Bxc4 1-0

[Event "cm"]
[Site "cm"]
[Date "1984.??.??"]
[Round "13"]
[White "Kasparov, Gary"]
[Black "Smyslov, Vassily V"]
[Result "1/2-1/2"]
[WhiteElo "2710"]
[BlackElo "2600"]
[PlyCount "29"]
[EventDate "1984.??.??"]
[Source "www.chesslib.no"]
[SourceDate "2004.05.04"]

1. d4 d5 2. Nf3 Nf6 3. c4 e6 4. Nc3 c6 5. Bg5 Nbd7 6. e3 Qa5 7. Qc2 Bb4 8. Nd2 e5 9. Bxf6 Nxf6 10. dxe5 Ne4 11. cxd5 Nxc3 12. bxc3 Bxc3 13. Rc1 Bxe5 14. dxc6 O-O 15. Be2 1/2-1/2

[Event "Cannes 85/389"]
[Site "?"]
[Date "2002.??.??"]
[Round "?"]
[White "Bareev, E."]
[Black "Fressinet, L."]
[Result "0-1"]
[WhiteElo "2707"]
[BlackElo "2591"]
[PlyCount "84"]
[EventDate "2002.??.??"]
[Source "Chess Informant"]
[SourceDate "2002.06.01"]

1. d4 d5 2. c4 c6 3. Nf3 Nf6 4. Nc3 e6 5. Bg5 Nbd7 6. e3 Qa5 7. cxd5 Nxd5 8. Qd2 Bb4 9. Rc1 h6 10. Bh4 c5 11. a3 Bxc3 12. bxc3 b6 13. c4 Qxd2+ 14. Nxd2 N5f6 15. Be2 Bb7 16. O-O O-O 17. f3 Rfd8 18. Rfd1 Rac8 19. a4 g5 20. Bf2 Ne8 21. Nb3 cxd4 22. exd4 Nd6 23. Bf1 Ba6 24. Nd2 Nb8 25. c5 Bxf1 26. Kxf1 Nf5 27. Nc4 bxc5 28. dxc5 Ne7 29. Nd6 Rc7 30. Bd4 Nd5 31. Nb5 Rcd7 32. c6 Nxc6 33. Rxc6 Ne3+ 34. Bxe3 Rxd1+ 35. Kf2 Ra1 36. Nc3 Ra3 37. Ke2 Rb3 38. Bxa7 Rb2+ 39. Kf1 Rdd2 40. a5 Rbc2 41. Ke1 Rxg2 42. Kf1 Rgd2 0-1

[Event "Calviá ol (Men)"]
[Site "Mallorca"]
[Date "2004.10.27"]
[Round "12.7"]
[White "Beliavsky, Alexander G"]
[Black "Bruzon Bautista, Lazaro"]
[Result "0-1"]
[WhiteElo "2660"]
[BlackElo "2637"]
[PlyCount "92"]
[EventDate "2004.10.15"]
[Source "Roberto Alvarez"]
[SourceDate "2004.10.25"]

1. d4 d5 2. c4 c6 3. Nf3 Nf6 4. Nc3 e6 5. Bg5 Nbd7 6. e3 Qa5 7. cxd5 Nxd5 8. Qd2 Bb4 9. Rc1 h6 10. Bh4 c5 11. Bd3 cxd4 12. exd4 b6 13. O-O Bb7 14. Bb5 Qxb5 15. Nxb5 Bxd2 16. Nd6+ Kf8 17. Nxd2 Ba6 18. Rfe1 g5 19. Bg3 Kg7 20. Nf3 Rhd8 21. h4 g4 22. Ne5 Nxe5 23. dxe5 h5 24. Red1 Rd7 25. Rd4 Rad8 26. b4 Kg6 27. b5 Bb7 28. Ra4 Ba8 29. Kh2 Ne7 30. Bf4 Nf5 31. Bg5 f6 32. Bxf6 Rxd6 33. Bxd8 Rxd8 34. Rxa7 Nxh4 35. Rcc7 Nf5 36. Rd7 Rf8 37. a4 h4 38. a5 g3+ 39. fxg3 hxg3+ 40. Kg1 bxa5 41. b6 Bc6 42. b7 Rb8 43. Ra8 Rxa8 44. bxa8=Q Bxa8 45. Ra7 Bd5 46. Rxa5 Kg5 0-1

[Event "Petrosian Mem Open"]
[Site "Yerevan"]
[Date "2004.11.25"]
[Round "7"]
[White "Ivanchuk, Vassily"]
[Black "Asrian, Karen"]
[Result "1-0"]
[WhiteElo "2705"]
[BlackElo "2591"]
[PlyCount "89"]
[EventDate "2004.11.18"]
[Source "Roberto Alvarez"]
[SourceDate "2004.11.29"]

1. d4 d5 2. c4 e6 3. Nf3 Nf6 4. Nc3 c6 5. Bg5 Nbd7 6. e3 Qa5 7. Nd2 dxc4 8. Bxf6 Nxf6 9. Nxc4 Qc7 10. Rc1 Be7 11. g3 O-O 12. Bg2 Rd8 13. O-O Nd5 14. a3 Bd7 15. b4 Be8 16. Qb3 Rac8 17. Rc2 Qb8 18. Rfc1 h6 19. Ne4 Qa8 20. Ne5 a6 21. Nc5 b6 22. Ncd3 Bd6 23. a4 Qb7 24. Nc4 Bf8 25. h4 Qb8 26. Nce5 c5 27. bxc5 bxc5 28. Qxb8 Rxb8 29. Nxc5 Bxc5 30. Rxc5 Bxa4 31. Bxd5 Rxd5 32. Rc7 Be8 33. Ra7 Ra5 34. Rcc7 Ra2 35. Nxf7 Rb1+ 36. Kg2 Rbb2 37. Rc8 Rxf2+ 38. Kh3 Rxf7 39. Rxe8+ Rf8 40. Ree7 Rf3 41. Rxg7+ Kf8 42. Rh7 Kg8 43. Rhe7 h5 44. Re8+ Rf8 45. Rxe6 1-0

[Event "Tallinn/Paernu 73/508"]
[Site "?"]
[Date "1998.??.??"]
[Round "?"]
[White "Short, Nigel D"]
[Black "Andersson, Ulf"]
[Result "1-0"]
[WhiteElo "2660"]
[BlackElo "2635"]
[PlyCount "85"]
[EventDate "1998.??.??"]
[Source "ChessBase"]
[SourceDate "1998.06.01"]

1. d4 Nf6 2. c4 c6 3. Nc3 d5 4. Nf3 e6 5. Bg5 Nbd7 6. e3 Qa5 7. cxd5 exd5 8. Bd3 Bd6 9. Qc2 h6 10. Bh4 O-O 11. O-O Re8 12. a3 Qd8 13. Rae1 Be7 14. Bg3 Nf8 15. h3 Be6 16. Ne5 N6d7 17. f4 Nb6 18. f5 Bd7 19. e4 dxe4 20. Rxe4 Bf6 21. Nxf7 Kxf7 22. Qb3+ Ne6 23. Rfe1 Nd5 24. Nxd5 cxd5 25. Qxd5 Bc6 26. fxe6+ Kg8 27. Qf5 Bxe4 28. Bxe4 Qxd4+ 29. Bf2 Qd6 30. Qh7+ Kf8 31. Bg6 Ke7 32. Bxe8 Rxe8 33. Qe4 Rc8 34. Qxb7+ Rc7 35. Qe4 Bxb2 36. Bh4+ g5 37. Qh7+ Kd8 38. Qg8+ Ke7 39. Bf2 Bc3 40. Qf7+ Kd8 41. Qg8+ Ke7 42. Re4 Bd2 43. g3 1-0

[Event "Aeroflot Open 2008"]
[Site "Moscu RUS"]
[Date "2008.02.19"]
[Round "6.3"]
[White "Volokitin, Andrei"]
[Black "Asrian, Karen"]
[Result "1/2-1/2"]
[WhiteElo "2674"]
[BlackElo "2621"]
[PlyCount "44"]
[EventDate "2008.02.14"]
[Source "www.chesslib.no"]
[SourceDate "2004.05.04"]

1. d4 d5 2. c4 c6 3. Nf3 Nf6 4. Nc3 e6 5. Bg5 Nbd7 6. e3 Qa5 7. cxd5 Nxd5 8. Qd2 Bb4 9. Rc1 h6 10. Bh4 c5 11. a3 Bxc3 12. bxc3 b6 13. c4 Qxd2+ 14. Nxd2 Ne7 15. f3 Nf5 16. Bf2 Bb7 17. Bd3 Nd6 18. Nb3 Ke7 19. Ke2 Rac8 20. dxc5 Nxc5 21. Nxc5 bxc5 22. e4 f6 1/2-1/2

[Event "Klooster NE"]
[Site "?"]
[Date "1996.??.??"]
[Round "1"]
[White "Nikolic Predrag"]
[Black "Oll Lembit"]
[Result "1/2-1/2"]
[WhiteElo "2645"]
[BlackElo "2640"]
[PlyCount "77"]
[EventDate "1996.??.??"]
[Source "www.chesslib.no"]
[SourceDate "2004.05.04"]

1. d4 d5 2. c4 c6 3. Nc3 Nf6 4. Nf3 e6 5. Bg5 Nbd7 6. e3 Qa5 7. Nd2 Bb4 8. Qc2 O-O 9. Nb3 Qa4 10. cxd5 cxd5 11. Bd3 b6 12. O-O Bxc3 13. Qxc3 Ba6 14. f3 Rac8 15. Qd2 h6 16. Bh4 Bxd3 17. Qxd3 Rc6 18. e4 dxe4 19. fxe4 e5 20. dxe5 Qxe4 21. Qxe4 Nxe4 22. Rae1 Rc4 23. Rf4 Nd2 24. Rd4 Rxd4 25. Nxd4 Nc4 26. e6 fxe6 27. Nxe6 Re8 28. b3 Nce5 29. Nd4 Re6 30. h3 Re7 31. Re2 Ng4 32. hxg4 h5 33. Rc2 g5 34. Kh1 Kh8 35. Rc7 Re3 36. Rc6 Re2 37. Bg3 Rb2 38. a4 Rb1+ 39. Rc1 1/2-1/2

[Event "Muenchen"]
[Site "?"]
[Date "1994.??.??"]
[Round "?"]
[White "Lobron, E."]
[Black "Ivanchuk, V."]
[Result "1/2-1/2"]
[WhiteElo "2570"]
[BlackElo "2710"]
[PlyCount "38"]
[EventDate "1994.??.??"]
[Source "ChessBase"]
[SourceDate "1994.02.01"]

1. d4 Nf6 2. c4 e6 3. Nf3 d5 4. Nc3 c6 5. Bg5 Nbd7 6. e3 Qa5 7. Nd2 Bb4 8. Qc2 O-O 9. Be2 c5 10. Nb3 Qa4 11. Bxf6 Nxf6 12. dxc5 dxc4 13. Bxc4 Qc6 14. O-O Bxc5 15. Be2 Bd6 16. Rfd1 Bd7 17. h3 Be5 18. Rac1 Rac8 19. Bb5 Qxb5 1/2-1/2

[Event "Istanbul (ol)"]
[Site "?"]
[Date "2000.??.??"]
[Round "?"]
[White "Khalifman, A."]
[Black "Jussupow, A."]
[Result "1/2-1/2"]
[WhiteElo "2665"]
[BlackElo "2610"]
[PlyCount "45"]
[EventDate "2000.??.??"]
[Source "Chess Informant"]
[SourceDate "2000.10.01"]

1. d4 Nf6 2. c4 e6 3. Nf3 d5 4. Nc3 Nbd7 5. Bg5 c6 6. e3 Qa5 7. cxd5 Nxd5 8. Qd2 Bb4 9. Rc1 h6 10. Bh4 c5 11. a3 Bxc3 12. bxc3 b6 13. Bd3 Ba6 14. O-O Bxd3 15. Qxd3 cxd4 16. cxd4 O-O 17. e4 N5f6 18. Rc2 Rac8 19. Rfc1 Rxc2 20. Rxc2 Rd8 21. Bxf6 Nxf6 22. h3 b5 23. Rc5 1/2-1/2

[Event "Muenchen"]
[Site "?"]
[Date "1994.??.??"]
[Round "?"]
[White "van der Sterren, P."]
[Black "Yusupov, A."]
[Result "1/2-1/2"]
[WhiteElo "2605"]
[BlackElo "2665"]
[PlyCount "93"]
[EventDate "1994.??.??"]
[Source "ChessBase"]
[SourceDate "1994.02.01"]

1. d4 Nf6 2. c4 e6 3. Nf3 d5 4. Nc3 c6 5. Bg5 Nbd7 6. e3 Qa5 7. Nd2 Bb4 8. Qc2 O-O 9. Be2 e5 10. O-O exd4 11. Nb3 Qb6 12. Nxd4 dxc4 13. Bh4 Qc5 14. Na4 Qa5 15. Bxc4 c5 16. Nb5 a6 17. Nd6 b5 18. a3 bxc4 19. axb4 Qxb4 20. Qxc4 Rb8 21. Rfc1 Ne5 22. Qxc5 Qxh4 23. Qxe5 Qxf2+ 24. Kxf2 Ng4+ 25. Kg3 Nxe5 26. Nxc8 Rfxc8 27. Rxc8+ Rxc8 28. Nb6 Rc2 29. Rxa6 h5 30. b4 Nd3 31. Nd5 Ne1 32. Ra8+ Kh7 33. b5 Rxg2+ 34. Kf4 Rxh2 35. b6 Rb2 36. Ke5 h4 37. Ra1 Nd3+ 38. Kd4 Nf2 39. Kc3 Rxb6 40. Nxb6 h3 41. Kd2 h2 42. Ke2 h1=Q 43. Rxh1+ Nxh1 44. Kf3 Kg6 45. Nc4 Kg5 46. Kg2 Kg4 47. Kxh1 1/2-1/2

[Event "Bundesliga 0102"]
[Site "Germany"]
[Date "2001.11.25"]
[Round "4.2"]
[White "Gurevich, Mikhail"]
[Black "Jussupow, Artur"]
[Result "1/2-1/2"]
[WhiteElo "2633"]
[BlackElo "2633"]
[PlyCount "104"]
[EventDate "2001.10.??"]
[Source "ChessBase"]
[SourceDate "2002.03.21"]

1. c4 e6 2. Nf3 d5 3. d4 Nf6 4. Nc3 Nbd7 5. Bg5 c6 6. e3 Qa5 7. cxd5 Nxd5 8. Qd2 Bb4 9. Rc1 c5 10. a3 Bxc3 11. bxc3 b6 12. Bd3 Bb7 13. O-O N5f6 14. Qe2 O-O 15. e4 cxd4 16. cxd4 Rfc8 17. e5 Bxf3 18. Qxf3 Nd5 19. Be4 Nf8 20. Qd3 Rab8 21. Bd2 Qa4 22. f4 Rxc1 23. Rxc1 Rd8 24. Qc4 Qxa3 25. Qe2 Ne7 26. Qf2 Qb2 27. Be3 Qxf2+ 28. Kxf2 f5 29. exf6 gxf6 30. g4 f5 31. gxf5 Nxf5 32. Rg1+ Kf7 33. d5 Nxe3 34. dxe6+ Nxe6 35. Kxe3 Nc5 36. Bxh7 Rh8 37. Bg6+ Kf6 38. Bb1 Rxh2 39. Rg6+ Kf7 40. Rc6 Rh3+ 41. Kd4 Ke7 42. Kd5 Rh1 43. Bc2 Rh5+ 44. f5 Rh2 45. f6+ Kf7 46. Bf5 Rh5 47. Ke5 Nd7+ 48. Kf4 Nxf6 49. Rc7+ Kf8 50. Rxa7 Nd5+ 51. Ke4 Ne7 52. Bd7 Kf7 1/2-1/2

[Event "Essen 84/372"]
[Site "?"]
[Date "2002.??.??"]
[Round "?"]
[White "Krasenkow, M."]
[Black "Jussupow, A."]
[Result "1-0"]
[WhiteElo "2641"]
[BlackElo "2618"]
[PlyCount "57"]
[EventDate "2002.??.??"]
[Source "Chess Informant"]
[SourceDate "2002.02.01"]

1. Nf3 d5 2. d4 Nf6 3. c4 e6 4. Nc3 Nbd7 5. Bg5 c6 6. e3 Qa5 7. cxd5 Nxd5 8. Qd2 Bb4 9. Rc1 c5 10. Bd3 b6 11. O-O cxd4 12. exd4 Bb7 13. a3 Bxc3 14. bxc3 N5f6 15. Qe3 O-O 16. Ne5 Nxe5 17. dxe5 Nd7 18. Be7 Rfe8 19. Bd6 Nc5 20. Bc2 Qxa3 21. Rfd1 Rac8 22. Rd4 h6 23. Rg4 Kh8 24. Re1 Qb2 25. Bb1 Qb5 26. Qf4 Rf8 27. Be7 Nd3 28. Qe3 Rfd8 29. Bf6 1-0

[Event "Bundesliga 2007-8"]
[Site "Wattenscheid GER"]
[Date "2007.10.20"]
[Round "1"]
[White "Najer, E."]
[Black "Fridman, D2."]
[Result "1/2-1/2"]
[WhiteElo "2635"]
[BlackElo "2621"]
[PlyCount "34"]
[EventDate "2007.10.19"]
[Source "www.chesslib.no"]
[SourceDate "2004.05.04"]

1. d4 d5 2. c4 c6 3. Nc3 Nf6 4. Nf3 e6 5. Bg5 Nbd7 6. e3 Qa5 7. Nd2 dxc4 8. Bxf6 Nxf6 9. Nxc4 Qc7 10. Rc1 Be7 11. Be2 O-O 12. O-O Rd8 13. Qb3 Bd7 14. e4 b5 15. Nd2 Qb6 16. e5 Nd5 17. Nxd5 cxd5 1/2-1/2

[Event "North Sea Cup 17th"]
[Site "Esbjerg"]
[Date "2002.07.09"]
[Round "5"]
[White "Nielsen, Peter Heine"]
[Black "Hansen, Curt"]
[Result "1-0"]
[WhiteElo "2626"]
[BlackElo "2625"]
[PlyCount "93"]
[EventDate "2002.07.05"]
[Source "ChessBase"]
[SourceDate "2002.11.12"]

1. d4 Nf6 2. c4 e6 3. Nf3 d5 4. Nc3 c6 5. Bg5 Nbd7 6. e3 Qa5 7. cxd5 Nxd5 8. Qd2 Bb4 9. Rc1 O-O 10. a3 Bxc3 11. bxc3 h6 12. Bh4 Qxa3 13. e4 Ne7 14. Bd3 Ng6 15. Bg3 b6 16. O-O Bb7 17. e5 Qe7 18. h4 c5 19. h5 Bxf3 20. gxf3 Nh4 21. Qf4 Nf5 22. Bxf5 exf5 23. Qxf5 Qe6 24. Qe4 f5 25. d5 Qe8 26. Qf4 b5 27. c4 Qxh5 28. e6 g5 29. Qd6 Nb6 30. e7 Rfe8 31. Be5 Kh7 32. cxb5 Qxf3 33. Qe6 Qg4+ 34. Bg3 Qh5 35. Qxf5+ Qg6 36. Qxg6+ Kxg6 37. d6 Nd7 38. Rfe1 Kf7 39. Rc3 Rab8 40. Rf3+ Kg7 41. Be5+ Kg6 42. Bc3 Rxb5 43. Re6+ Kh5 44. Rh3+ Kg4 45. Rexh6 Rb3 46. Kg2 c4 47. Rh8 1-0

[Event "Bundesliga 9697"]
[Site "Germany"]
[Date "1997.??.??"]
[Round "?.1"]
[White "Ribli, Zoltan"]
[Black "Jussupow, Artur"]
[Result "1/2-1/2"]
[WhiteElo "2585"]
[BlackElo "2665"]
[PlyCount "37"]
[EventDate "1996.10.??"]
[Source "ChessBase"]
[SourceDate "1999.07.01"]

1. Nf3 d5 2. d4 Nf6 3. c4 e6 4. Nc3 Nbd7 5. Bg5 c6 6. e3 Qa5 7. Nd2 dxc4 8. Bxf6 Nxf6 9. Nxc4 Qc7 10. Rc1 Be7 11. Be2 O-O 12. a3 Bd7 13. b4 Rfd8 14. O-O Be8 15. Qc2 b6 16. Ne5 Qb7 17. Bf3 Nd5 18. Ne2 Rac8 19. e4 1/2-1/2

[Event "Polanica Zdroj"]
[Site "?"]
[Date "1996.??.??"]
[Round "?"]
[White "Beliavsky, A."]
[Black "Oll, L."]
[Result "1/2-1/2"]
[WhiteElo "2620"]
[BlackElo "2620"]
[PlyCount "56"]
[EventDate "1996.??.??"]
[Source "ChessBase"]
[SourceDate "1996.06.01"]

1. d4 d5 2. c4 c6 3. Nf3 Nf6 4. Nc3 e6 5. Bg5 Nbd7 6. e3 Qa5 7. cxd5 Nxd5 8. Qd2 Bb4 9. Rc1 O-O 10. Bd3 h6 11. Bh4 e5 12. a3 Bxc3 13. bxc3 Re8 14. c4 Qxd2+ 15. Nxd2 Ne7 16. O-O exd4 17. exd4 Nf8 18. Rfe1 Bf5 19. Bf1 Neg6 20. Bg3 Rxe1 21. Rxe1 Rd8 22. Nb3 b6 23. d5 cxd5 24. Nd4 Be6 25. Nc6 Rd7 26. Nb8 Rd8 27. Nc6 Rd7 28. Nb8 Rd8 1/2-1/2

[Event "HUN-chT 9798"]
[Site "Hungary"]
[Date "1998.??.??"]
[Round "?"]
[White "Beliavsky, Alexander G"]
[Black "Pinter, Jozsef"]
[Result "1/2-1/2"]
[WhiteElo "2665"]
[BlackElo "2575"]
[PlyCount "110"]
[EventDate "1997.??.??"]
[Source "www.chesslib.no"]
[SourceDate "2004.05.04"]

1. d4 Nf6 2. c4 e6 3. Nf3 d5 4. Nc3 c6 5. Bg5 Nbd7 6. e3 Qa5 7. cxd5 Nxd5 8. Qd2 Bb4 9. Rc1 h6 10. Bh4 c5 11. Bd3 cxd4 12. exd4 b6 13. O-O O-O 14. a3 Bxc3 15. bxc3 Bb7 16. Rfe1 Rac8 17. c4 Qxd2 18. Nxd2 Nf4 19. Bf1 g5 20. Bg3 Nf6 21. f3 Rfd8 22. Bf2 Ne8 23. a4 Nd6 24. a5 Nf5 25. axb6 axb6 26. g3 Ng6 27. d5 b5 28. Rb1 Ba8 29. Bb6 Rd6 30. Rxb5 exd5 31. Bh3 Re6 32. Ra1 Nge7 33. Bc5 dxc4 34. Bxe7 Nxe7 35. Bxe6 fxe6 36. Kf2 Bd5 37. Rc1 Rf8 38. Rc3 Nf5 39. Rb1 Nd4 40. g4 Nb3 41. Rd1 Nxd2 42. Rxd2 Kg7 43. Kg3 Kg6 44. Rd4 h5 45. gxh5+ Kxh5 46. Rg4 Rf5 47. Re3 Rf6 48. h4 gxh4+ 49. Rxh4+ Kg6 50. f4 Rf8 51. Rg4+ Kf6 52. Rh4 Rg8+ 53. Rg4 Rh8 54. f5 Rh1 55. Rg6+ Kf7 1/2-1/2